Paesi che Iniziano con N - Quiz sulla Forma - Statistics

Statistiche generali
  • Questo quiz è stato fatto 2.470 volte
  • Il punteggio medio è 6 su 8
Statistiche sulle risposte
con Immagini Risposta % Corretto
Norvegia
97%
Nepal
88%
Nuova Zelanda
87%
Namibia
86%
Nigeria
76%
Nauru
73%
Niger
73%
Nicaragua
69%
Nessun quiz corrispondente trovato
Distribuzione punteggi
Percentuale di utenti per punteggio
Percentile per numero di risposta
I tuoi punteggi nel tempo
Non hai fatto questo quiz